Corporate governance framework in Nigeria: an international review.
| Main Author: | |
|---|---|
| Format: | Book |
| Published: |
Bloomington:
iUniverse,
2011.
|
| Subjects: |
| LEADER | 00497cam a2200157 7i4500 | ||
|---|---|---|---|
| 001 | 0000028049 | ||
| 005 | 20130122090000.0 | ||
| 020 | 0 | 0 | |a 9781462035144 |
| 090 | 0 | 0 | |a NIGR 338.6095 |b AKI |
| 100 | 1 | 0 | |a Akinpelu |
| 245 | 1 | 0 | |a Corporate governance framework in Nigeria: an international review. |
| 260 | 0 | 0 | |a Bloomington: |b iUniverse, |c 2011. |
| 300 | # | # | |a 454 p. |
| 650 | 0 | 0 | |a Corporate governance -- |x law and legislation -- |z Nigeria |
| 651 | 0 | 0 | |a Nigeria |
| 999 | |a B000031386 |b Book |c Book |e Business Information Centre | ||


